Cuenta los insectos / (Record no. 29732)

MARC details
000 -LEADER
fixed length control field 01581nam a2200421Ia 4500
001 - CONTROL NUMBER
control field sjds1105223
003 - CONTROL NUMBER IDENTIFIER
control field sjds
005 - DATE AND TIME OF LATEST TRANSACTION
control field 20240511105439.0
008 - FIXED-LENGTH DATA ELEMENTS--GENERAL INFORMATION
fixed length control field 970523t19921992maua j 000 0 spa d
020 ## - INTERNATIONAL STANDARD BOOK NUMBER
International Standard Book Number 0881066397
020 ## - INTERNATIONAL STANDARD BOOK NUMBER
International Standard Book Number 9780881064193
035 ## - SYSTEM CONTROL NUMBER
System control number (OCoLC)36960404
040 ## - CATALOGING SOURCE
Original cataloging agency LPU
Transcribing agency LPU
Modifying agency IFA
-- UtOrBLW
041 1# - LANGUAGE CODE
Language code of text/sound track or separate title spa
Language code of original eng
049 ## - LOCAL HOLDINGS (OCLC)
Holding library IFAA
099 ## - LOCAL FREE-TEXT CALL NUMBER (OCLC)
Filing suffix 1992
999 ## - SYSTEM CONTROL NUMBERS (KOHA)
Koha Dewey Subclass [OBSOLETE] ESPANOL CONCEPT BOOKS PALLOTTA 1992
100 1# - MAIN ENTRY--PERSONAL NAME
Personal name Pallotta, Jerry,
Relator term author.
240 10 - UNIFORM TITLE
Uniform title <a href="Icky bug counting book.">Icky bug counting book.</a>
Language of a work Spanish
245 10 - TITLE STATEMENT
Title Cuenta los insectos /
Statement of responsibility, etc. por Jerry Pallotta ; titulo por Neil Pallotta ; illustrado por Ralph Masiello.
260 ## - PUBLICATION, DISTRIBUTION, ETC. (IMPRINT)
Place of publication, distribution, etc. Watertown, MA :
Name of publisher, distributor, etc. Charlesbridge,
Date of publication, distribution, etc. c1992
264 #1 - PRODUCTION, PUBLICATION, DISTRIBUTION, MANUFACTURE, AND COPYRIGHT NOTICE
Place of production, publication, distribution, manufacture Watertown, MA :
Name of producer, publisher, distributor, manufacturer Charlesbridge,
Date of production, publication, distribution, manufacture, or copyright notice [1992]
264 #4 - PRODUCTION, PUBLICATION, DISTRIBUTION, MANUFACTURE, AND COPYRIGHT NOTICE
Date of production, publication, distribution, manufacture, or copyright notice c1992
300 ## - PHYSICAL DESCRIPTION
Extent 32 unnumbered pages :
Other physical details color illustrations ;
Dimensions 21 x 26 cm
336 ## - CONTENT TYPE
Content type term text
Content type code txt
Source rdacontent
337 ## - MEDIA TYPE
Media type term unmediated
Media type code n
Source rdamedia
338 ## - CARRIER TYPE
Carrier type term volume
Carrier type code nc
Source rdacarrier
520 ## - SUMMARY, ETC.
Summary, etc. Introduces the characteristics and activities of insects and other crawly creatures from zero bugs on the page to twenty-six army ants.
520 ## - SUMMARY, ETC.
Summary, etc. Introduce las características y actividades de los insectos y otras criaturas pequeñas.
526 0# - STUDY PROGRAM INFORMATION NOTE
Program name Accelerated Reader
Interest level LG
Reading level 4.1
Title point value 0.5
Public note 46159SP
650 #0 - SUBJECT ADDED ENTRY--TOPICAL TERM
Topical term or geographic name as entry element Insects
Form subdivision Juvenile literature.
650 #0 - SUBJECT ADDED ENTRY--TOPICAL TERM
Topical term or geographic name as entry element Counting
Form subdivision Juvenile literature.
650 #7 - SUBJECT ADDED ENTRY--TOPICAL TERM
Topical term or geographic name as entry element Insectos
Form subdivision Literatura juvenil.
Source of heading or term bidex
650 #7 - SUBJECT ADDED ENTRY--TOPICAL TERM
Topical term or geographic name as entry element Contar (Enumerar)
Form subdivision Literatura juvenil.
Source of heading or term bidex
700 1# - ADDED ENTRY--PERSONAL NAME
Personal name Pallotta, Neil.
700 1# - ADDED ENTRY--PERSONAL NAME
Personal name Masiello, Ralph,
Relator term illustrator.
942 ## - ADDED ENTRY ELEMENTS (KOHA)
Koha item type Libro/Book
Holdings
Withdrawn status Lost status Damaged status Not for loan Home library Current library Date acquired Total Checkouts Full call number Barcode Checked out Date last seen Date checked out Price effective from Koha item type Inventory number
        San Juan Del Sur -- Mobile Rejega 03/05/2024 4 JI 33005032 05/05/2026 31/03/2026 31/03/2026 03/05/2024 Libro/Book  
        San Juan Del Sur -- Mobile San Juan Del Sur -- Mobile 13/03/2025   JI 30030778   13/03/2025   13/03/2025 Libro/Book Inventory date: 13-3-25

Powered by Koha